| 000 | 00809nam1a22002171i 4500 | ||
|---|---|---|---|
| 001 | rc\1000958 | ||
| 005 | 20260406204511.0 | ||
| 035 | _a(NLR Aleph) 006246929 | ||
| 090 |
_a6717245 _c6717245 |
||
| 100 | _a20041129g19819999u |0rusy50 ca | ||
| 101 | 0 | _arus | |
| 102 | _aRU | ||
| 105 | _ay ||||||||| | ||
| 200 | 1 |
_aСовершенствование хозяйственного механизма _eСписок лит. ... _fЭст. НИИ НТИ и техн.-экон. исслед., Респ. науч.-техн. б-ка ЭССР |
|
| 210 |
_aТаллин _cБ. и. _d1981- |
||
| 215 | _d20 | ||
| 712 | 0 | 2 |
_aЭстонская респ. науч.-техн. б-ка _cТаллин _3RU\NLR\AUTH\889964903 _9426018 |
| 801 | 0 |
_aRU _bNLR _gpsbo |
|
| 801 | 1 |
_aRU _bELAR _2rusmarc |
|
| 852 |
_aNLR _bС _jК-1/1107 |
||
| 942 | _cBOOK | ||